MARC

LEADER 00000nam0a2200000 4500
001 275131
005 20231101234808.0
035 |a (RuTPU)RU\TPU\book\298363 
090 |a 275131 
100 |a 20141112d1984 m y0rusy5003 ca 
101 0 |a rus 
102 |a RU 
105 |a y j 001zy 
200 1 |a Природа, механизм и технология силовых воздействий на горные породы  |e учебное пособие  |f Ю. Г. Анпилогов, В. Н. Королева  |g Московский горный институт (МГИ) 
210 |a Москва  |c Изд-во Московского горного ин-та  |d 1984 
215 |a 45 с. 
320 |a Библиогр.: с. 44 
606 1 |a Горные породы  |x Разрушение  |x Гидромеханизация  |2 stltpush  |3 (RuTPU)RU\TPU\subj\8040  |9 35534 
610 1 |a угольные породы 
610 1 |a вмещающие породы 
610 1 |a физико-механические свойства 
610 1 |a силовые воздействия 
610 1 |a толщи 
610 1 |a газодинамическое состояние 
610 1 |a управление 
610 1 |a массивы горных пород 
610 1 |a учебные пособия 
675 |a 622.236.5(075.8)  |z rus  |v 4 
700 1 |a Анпилогов  |b Ю. Г.  |g Юрий Григорьевич  |4 070 
701 1 |a Королева  |b В. Н.  |g Валентина Николаевна  |4 070 
712 0 2 |a Московский горный институт (МГИ)  |c (1930-1962, 1966-1993)  |2 stltpush  |3 (RuTPU)RU\TPU\col\3944 
801 0 |a RU  |b RuMRKP  |c 19950704  |g psbo 
801 1 |a RU  |b 63413507  |c 20141112 
801 2 |a RU  |b 63413507  |c 20171108  |g RCR 
942 |c BK